Catalog

Record Details

Catalog Search



Available copies

  • 1 of 1 copy available at LARL/NWRL Consortium.
  • 1 of 1 copy available at Lake Agassiz Regional Library. (Show preferred library)

Current holds

1 current hold with 1 total copy.

Show All Copies
Location Call Number / Copy Notes Barcode Shelving Location Status Due Date
Moorhead Public Library 921 WES (Text) 33500014355788 New Available -

Record details

  • ISBN: 9780306831836
  • ISBN: 030683183X
  • Physical Description: xiii, 319 pages : map ; 22 cm
  • Edition: First edition.
  • Publisher: New York : Grand Central Publishing, 2026.

Content descriptions

Formatted Contents Note:
Home body -- Coleman stove -- Seventeen-year bloom ... Read More
Summary, etc.:
"Through Shrill -- the book and then the Hulu ... Read More
Subject: West, Lindy.
Women journalists > United States > Biography.
Women authors > Biography.
Podcasters > United States > Biography.
Women, White > Biography.
Non-monogamous relationships.
Women television producers and directors > United States > Biography.
Automobile travel > United States > Anecdotes.
Marital conflict > Anecdotes.
Betrayal > Anecdotes.
Self-actualization (Psychology) in women > Anecdotes.
Self-realization > Anecdotes.
Women journalists > Biography.
Women authors > Biography.
Women television producers and directors > Biography.
Automobile travel > Anecdotes.
Interpersonal relations > Anecdotes.
Genre: Autobiographies.
Anecdotes.
LDR 04123cam a2200733 i 4500
001478750
003LARL_NWRL_CONSORTIUM
00520260401140906.0
008260206t20262026nyub 000 0aeng d
040 . ‡aIG# ‡beng ‡erda ‡cIG# ‡dOCLCO ‡dGL4 ‡dMWD ‡dIG# ‡dOCO ‡dOCLCO ‡dCQC ‡dPSC ‡dOCLCO ‡dMDB
019 . ‡a1543511217 ‡a1547762966
020 . ‡a9780306831836 ‡q(hardback)
020 . ‡a030683183X ‡q(hardback)
035 . ‡a(OCoLC)1530641533 ‡z(OCoLC)1543511217 ‡z(OCoLC)1547762966
043 . ‡an-us---
08204. ‡a070.92 ‡aB ‡223/eng/20260206
1001 . ‡aWest, Lindy, ‡eauthor. ‡1https://id.oclc.org/worldcat/entity/E39PBJvcYRFxkB7VDvJkWhx4bd
24510. ‡aAdult braces : ‡bdriving myself sane / ‡cLindy West.
250 . ‡aFirst edition.
264 1. ‡aNew York : ‡bGrand Central Publishing, ‡c2026.
264 4. ‡c©2026
300 . ‡axiii, 319 pages : ‡bmap ; ‡c22 cm
336 . ‡atext ‡btxt ‡2rdacontent
336 . ‡acartographic image ‡bcri ‡2rdacontent
337 . ‡aunmediated ‡bn ‡2rdamedia
338 . ‡avolume ‡bnc ‡2rdacarrier
520 . ‡a"Through Shrill -- the book and then the Hulu series -- Lindy West became an inspiration. To this day she is stopped on the street and hailed as a beacon of empowerment by women who felt badly for not conforming to a narrow set of societal norms -- thin, straight, compliant. But behind the scenes, Lindy never felt like she was the self-actualized woman fans made her out to be. When she found herself in the throes of a deep depression, with her marriage and sense of self-worth hanging in the balance, she knew she needed to make a change. In Adult Braces, Lindy shares the story of her rock bottom, and of the journey she took to claw her way out of it. With her trademark candor and sense of humor, she examines her post-Shrill emotional implosion, her shifting feelings about traditional marriage, and her search for her long-lost self. She also tracks the highs and lows of her journey, from eye-opening natural wonders and kitschy roadside attractions to lackluster tourist traps and campground epiphanies. The result is an engaging and laugh-out-loud narrative of becoming as Lindy transforms from a passenger into the active navigator of her own life." -- ‡cPublisher's website.
5050 . ‡aHome body -- Coleman stove -- Seventeen-year bloom -- Sea legs -- Heal turn -- Being there.
60010. ‡aWest, Lindy.
650 0. ‡aWomen journalists ‡zUnited States ‡vBiography. ‡0(LARL_NWRL_CONSORTIUM)168075
650 0. ‡aWomen authors ‡vBiography. ‡0(LARL_NWRL_CONSORTIUM)34630
650 0. ‡aPodcasters ‡zUnited States ‡vBiography.
650 0. ‡aWomen, White ‡vBiography.
650 0. ‡aNon-monogamous relationships.
650 0. ‡aWomen television producers and directors ‡zUnited States ‡vBiography.
650 0. ‡aAutomobile travel ‡zUnited States ‡vAnecdotes.
650 0. ‡aMarital conflict ‡vAnecdotes.
650 0. ‡aBetrayal ‡vAnecdotes.
650 0. ‡aSelf-actualization (Psychology) in women ‡vAnecdotes.
650 0. ‡aSelf-realization ‡vAnecdotes.
650 7. ‡aWomen journalists ‡vBiography. ‡2sears
650 7. ‡aWomen authors ‡vBiography. ‡2sears ‡0(LARL_NWRL_CONSORTIUM)34630
650 7. ‡aWomen television producers and directors ‡vBiography. ‡2sears
650 7. ‡aAutomobile travel ‡vAnecdotes. ‡2sears
650 7. ‡aInterpersonal relations ‡vAnecdotes. ‡2sears
655 7. ‡aAutobiographies. ‡2lcgft
655 7. ‡aAnecdotes. ‡2lcgft
901 . ‡a478750 ‡bOCoLC ‡c478750 ‡tbiblio ‡soclc

Additional Resources